La vida en la casa de un mercader medieval / (Record no. 140052)

MARC details
000 -CABECERA
campo de control de longitud fija 00660nam a2200193 a 4500
005 - FECHA Y HORA DE LA ÚLTIMA TRANSACCIÓN
campo de control 20210223130858.0
008 - ELEMENTOS DE LONGITUD FIJA--INFORMACIÓN GENERAL
campo de control de longitud fija 081112s2001 mx r 000 0 spa d
020 ## - NÚMERO INTERNACIONAL NORMALIZADO PARA LIBROS
Número Internacional Estándar del Libro 9685142165
035 ## - NÚMERO DE CONTROL DEL SISTEMA
Número de control de sistema UPN01000167942
049 ## - COLECCIÓN
Colección I
050 #4 - SIGNATURA TOPOGRÁFICA DE LA BIBLIOTECA DEL CONGRESO
Número de clasificación CB353
Número de documento/Ítem R6.9
100 1# - ASIENTO PRINCIPAL--NOMBRE PERSONAL
Nombre de persona Rossi, Renzo
245 13 - MENCIÓN DE TÍTULO
Título La vida en la casa de un mercader medieval /
Mención de responsabilidad, etc. textos de Renzo Rossi ; il. de Giorgio Bacchin ; tr. Carla Povero Cantú.
260 ## - PUBLICACIÓN, DISTRIBUCIÓN, ETC.
Lugar de publicación, distribución, etc. México :
Nombre del editor, distribuidor, etc. Correo del Maestro :
-- La Vasija :
-- Uribe y Ferrari,
Fecha de publicación, distribución, etc. c2001.
300 ## - DESCRIPCIÓN FÍSICA
Extensión 45 p. :
Otras características físicas il. col.
440 #3 - MENCIÓN DE SERIE/ASIENTO SECUNDARIO--TÍTULO
Título La vida en ...
650 #4 - ASIENTO SECUNDARIO DE MATERIA - TERMINO TEMATICO
Término de materia o nombre geográfico como elemento de entrada CIUDADES Y PUEBLOS MEDIEVALES -
Subdivisión de forma LITERATURA JUVENIL
9 (RLIN) 11110
905 ## - TIPO DE MATERIAL
Tipo de material Infantil
Holdings
Estado de retiro Estado de pérdida Fuente del sistema de clasificación o colocación Estado dañado No para préstamo Código de colección Localización permanente Ubicación/localización actual Ubicación en estantería Fecha de adquisición Total de préstamos Clasificación Código de barras Fecha visto por última vez Fecha del último préstamo Número de copia Tipo de ítem Koha
    Library of Congress Classification     Infantil Bib. Gregorio Torres Quintero Bib. Gregorio Torres Quintero Sala infantil Planta baja 23/03/2023 2 CB353 R6.9 261541 11/05/2023 23/03/2023 1 Libro